La nueva oscuridad de la politica social (Registro nro. 7029)

Detalles MARC
000 -LEADER
fixed length control field 01239 a2200241 4500
001 - CONTROL NUMBER
control field 60519
005 - DATE AND TIME OF LATEST TRANSACTION
control field 20260407155856.0
008 - FIXED-LENGTH DATA ELEMENTS--GENERAL INFORMATION
fixed length control field 260407a1998 arg spa d
003 - CONTROL NUMBER IDENTIFIER
control field AR-UNSa-BCEJYS
040 ## - CATALOGING SOURCE
Original cataloging agency AR-UNSa-BCEJYS
Language of cataloging spa
Transcribing agency AR-UNSa-BCEJYS
080 ## - UNIVERSAL DECIMAL CLASSIFICATION NUMBER
Universal Decimal Classification number 304.4
Common auxiliary subdivision Aspectos generales de las políticas y prácticas sociales y culturales (política social)
020 ## - INTERNATIONAL STANDARD BOOK NUMBER
International Standard Book Number 978-950-9467-33-0
041 ## - LANGUAGE CODE
Language code of text/sound track or separate title spa
100 1# - MAIN ENTRY--PERSONAL NAME
Personal name Lo Vuolo, Rubén
245 10 - TITLE STATEMENT
Title La nueva oscuridad de la politica social
Name of part/section of a work Del estado populista al neoconservador
250 ## - EDITION STATEMENT
Edition statement 2a. ed.
264 #1 - PRODUCTION, PUBLICATION, DISTRIBUTION, MANUFACTURE, AND COPYRIGHT NOTICE
Place of production, publication, distribution, manufacture Buenos Aires :
Name of producer, publisher, distributor, manufacturer Miño y Dávila
Date of production, publication, distribution, manufacture, or copyright notice 1998
300 ## - PHYSICAL DESCRIPTION
Extent 362 p.
Dimensions 20 cm.
505 ## - FORMATTED CONTENTS NOTE
Formatted contents note 1. ¿La nueva oscuridad? Estado de bienestar, crisis de integración social y democracia / Rubén Lo Vuolo - 2. Las políticas sociales en la Argentina contemporánea / Rubén Lo Vuolo y Alberto Barbeito – 3. Crisis de integración social y retracción del estado de Bienestar en Argentina / Rubén Lo Vuolo – 4. Gato publico social y retracción del Estado de Bienestar / Alberto Barbeito – 5. Conflictos actuales y escenarios futuros de la política social / Rubén Lo Vuolo
590 ## - LOCAL NOTE (RLIN)
Local note niveau_biblio:m niveau_hierar:0
700 1# - ADDED ENTRY--PERSONAL NAME
Personal name Barbeito, Alberto
942 ## - ADDED ENTRY ELEMENTS (KOHA)
Koha item type
Existencias
Withdrawn status Lost status Damaged status Not for loan Home library Current library Shelving location Date acquired Total checkouts Full call number Barcode Date last seen Price effective from Koha item type
        Biblioteca Prof. Eusebio Cleto del Rey Biblioteca Prof. Eusebio Cleto del Rey   07/04/2026   304.4 L795 2ed. L129221 07/04/2026 07/04/2026 Libro